| 000 | 00584nam a2200217 a 4500 | ||
|---|---|---|---|
| 005 | 20210219153516.0 | ||
| 008 | 991125n 000 0 u | ||
| 035 | _aUPN01000104072 | ||
| 100 | _aManos, Harry | ||
| 222 | _aPHYSICS TEACHER | ||
| 245 | _aUniversity entrance examinations in China and Japan | ||
| 300 | _a466-476 | ||
| 362 | _a30, No. 8, 1992 | ||
| 505 | _aJulio 1993 | ||
| 653 | 0 | _aCRITERIOS DE ADMISION | |
| 653 | 0 | _aFISICA | |
| 653 | 0 | _aPRUEBAS DE RENDIMINETO | |
| 653 | 0 | _aREGISTRO A LA ENTRADA DE LA ESCUELA | |
| 904 |
_aAC _b041883 |
||
| 905 | _aArticulo | ||
| 999 |
_c78805 _d78805 |
||